[Event "BEL-ch op"]
[Site "Niel"]
[Date "2017.07.08"]
[Round "8"]
[White "Smet, Louis"]
[Black "Baete, Guy"]
[Result "1-0"]
[WhiteElo "1917"]
[BlackElo "1828"]
[PlyCount "79"]
[EventDate "2017.07.01"]
[EventType "swiss"]
[EventRounds "9"]
[EventCountry "BEL"]
[SourceTitle "EXT 2018"]
[Source "ChessBase"]
[SourceDate "2017.10.13"]
[SourceVersion "1"]
[SourceVersionDate "2017.10.13"]
[SourceQuality "1"]

1. e4 d6 2. d4 e5 3. Nf3 exd4 4. Nxd4 Nf6 5. Nc3 Be7 6. Bc4 0-0 7. 0-0 Bg4 8. f3 Bh5 9. Re1 a6 10. Kh1 Kh8 11. Nf5 Nc6 12. Nd5 Ng8 13. Bf4 f6 14. Bb3 Bf7 15. Bg3 g6 16. Nfe3 Nh6 17. Qd2 Kg7 18. Qc3 Ng8 19. Bh4 h6 20. g4 g5 21. Nf5+ Kg6 22. Bg3 Rc8 23. Rad1 Ne5 24. Bxe5 fxe5 25. Qb4 b6 26. Qc3 Bf6 27. Nb4 a5 28. Nc6 Qd7 29. Nxe5+ Bxe5 30. Qxe5 dxe5 31. Rxd7 Bxb3 32. cxb3 Rfd8 33. Red1 Rxd7 34. Rxd7 Kf6 35. Kg2 Ke6 36. Rh7 Rd8 37. Rxc7 Rd2+ 38. Kg3 Rxb2 39. Rc6+ Kd7 40. Rg6 1-0

[Event "BEL-ch op"]
[Site "Niel"]
[Date "2017.07.05"]
[Round "5"]
[White "Burnay, Gerard"]
[Black "Smet, Louis"]
[Result "1/2-1/2"]
[WhiteElo "1712"]
[BlackElo "1917"]
[PlyCount "57"]
[EventDate "2017.07.01"]
[EventType "swiss"]
[EventRounds "9"]
[EventCountry "BEL"]
[SourceTitle "EXT 2018"]
[Source "ChessBase"]
[SourceDate "2017.10.13"]
[SourceVersion "1"]
[SourceVersionDate "2017.10.13"]
[SourceQuality "1"]

1. f4 Nf6 2. b3 d5 3. Bb2 c5 4. e3 Bf5 5. Nf3 Nc6 6. d3 Ng4 7. Qe2 d4 8. e4 Bc8 9. Bc1 Qc7 10. h3 Nf6 11. a4 Nh5 12. Qf2 Nxf4 13. g3 Ng6 14. Bg2 e6 15. Rg1 Bd6 16. Bf1 Bd7 17. Na3 Nce5 18. Nxe5 Bxe5 19. Nc4 Bf6 20. Bf4 e5 21. Bd2 b6 22. Qe2 Ke7 23. Qh5 a6 24. a5 b5 25. Nb6 Bc6 26. Nxa8 Bxa8 27. Bg5 Bxg5 28. Qxg5+ f6 29. Qd2 1/2-1/2

[Event "BEL-ch op"]
[Site "Niel"]
[Date "2017.07.01"]
[Round "1"]
[White "Decrop, Benjamin"]
[Black "Smet, Louis"]
[Result "1-0"]
[WhiteElo "2182"]
[BlackElo "1917"]
[PlyCount "57"]
[EventDate "2017.07.01"]
[EventType "swiss"]
[EventRounds "9"]
[EventCountry "BEL"]
[SourceTitle "EXT 2018"]
[Source "ChessBase"]
[SourceDate "2017.10.13"]
[SourceVersion "1"]
[SourceVersionDate "2017.10.13"]
[SourceQuality "1"]

1. e4 c5 2. Nf3 d6 3. d4 cxd4 4. Nxd4 Nf6 5. Nc3 g6 6. Be3 Bg7 7. Be2 Nc6 8. Qd2 0-0 9. 0-0-0 Rb8 10. h4 Nxd4 11. Bxd4 b5 12. Bf3 h5 13. Nd5 Nxd5 14. Bxg7 Kxg7 15. exd5 Bf5 16. Qd4+ f6 17. Rde1 Re8 18. Be4 Bxe4 19. Rxe4 Qa5 20. Kb1 Qb6 21. Qd2 Rb7 22. Rhe1 a5 23. g4 hxg4 24. Rxg4 Rh8 25. Reg1 Rh6 26. h5 g5 27. Rxg5+ fxg5 28. Qxg5+ Kh7 29. Qg7# 1-0

[Event "Brasschaat op 16th"]
[Site "Brasschaat"]
[Date "2016.08.25"]
[Round "6"]
[White "Van Riemsdijk, Herman Claudius"]
[Black "Smet, Louis"]
[Result "1-0"]
[WhiteElo "2318"]
[BlackElo "1909"]
[PlyCount "29"]
[EventDate "2016.08.20"]
[EventType "swiss"]
[EventRounds "9"]
[EventCountry "BEL"]
[SourceTitle "CBM 174 Extra"]
[Source "ChessBase"]
[SourceDate "2016.10.10"]
[SourceVersion "1"]
[SourceVersionDate "2016.10.10"]
[SourceQuality "1"]

1. e4 c5 2. Nf3 d6 3. d4 cxd4 4. Nxd4 Nf6 5. Nc3 g6 6. Be3 Bg7 7. f3 0-0 8. Qd2 Nc6 9. 0-0-0 d5 10. exd5 Nxd5 11. Nxc6 bxc6 12. Bd4 Be6 13. Bxg7 Kxg7 14. Na4 Nb6 15. Qc3+ 1-0

[Event "Brasschaat op 16th"]
[Site "Brasschaat"]
[Date "2016.08.23"]
[Round "4"]
[White "Beukema, Jasper"]
[Black "Smet, Louis"]
[Result "1-0"]
[WhiteElo "2170"]
[BlackElo "1909"]
[PlyCount "47"]
[EventDate "2016.08.20"]
[EventType "swiss"]
[EventRounds "9"]
[EventCountry "BEL"]
[SourceTitle "CBM 174 Extra"]
[Source "ChessBase"]
[SourceDate "2016.10.10"]
[SourceVersion "1"]
[SourceVersionDate "2016.10.10"]
[SourceQuality "1"]

1. e4 c5 2. Nc3 Nc6 3. Bb5 g6 4. Bxc6 dxc6 5. d3 Nf6 6. f4 Be6 7. Nf3 Bg7 8. 0-0 c4 9. d4 Qb6 10. Na4 Qb5 11. Nc5 Bg4 12. a4 Qb6 13. c3 Nd7 14. Nxd7 Bxd7 15. Qe2 c5 16. d5 e6 17. Qxc4 exd5 18. exd5 0-0 19. Ne5 Bxe5 20. fxe5 Rfe8 21. Qf4 Rf8 22. a5 Qd8 23. Qh6 Bf5 24. Bg5 1-0

[Event "Brasschaat op 13th"]
[Site "Brasschaat"]
[Date "2013.08.23"]
[Round "7"]
[White "Smet, Louis"]
[Black "Vande Velde, Erik"]
[Result "0-1"]
[WhiteElo "1549"]
[BlackElo "1973"]
[PlyCount "56"]
[EventDate "2013.08.17"]
[EventType "swiss"]
[EventRounds "9"]
[EventCountry "BEL"]
[SourceTitle "CBM 156 Extra"]
[Source "ChessBase"]
[SourceDate "2013.10.22"]
[SourceVersion "1"]
[SourceVersionDate "2013.10.22"]
[SourceQuality "1"]

1. e4 c5 2. Nc3 Nc6 3. f4 g6 4. Bc4 Bg7 5. Nf3 e6 6. 0-0 Nge7 7. d3 0-0 8. Qe1 d5 9. Bb3 Na5 10. Qh4 Nxb3 11. axb3 Nc6 12. Qxd8 Rxd8 13. e5 Bd7 14. g4 f5 15. g5 Nb4 16. Rf2 Bf8 17. Kf1 d4 18. Na2 Nd5 19. Bd2 Bc6 20. Ke2 b5 21. c3 dxc3 22. bxc3 a5 23. d4 c4 24. bxc4 bxc4 25. Rb1 Rab8 26. Rff1 Rb3 27. Be3 Ra3 28. Rb2 Rxa2 0-1

[Event "Maastricht Limburg op-C 7th"]
[Site "Maastricht"]
[Date "2013.05.18"]
[Round "2"]
[White "Voeller, Lothar"]
[Black "Smet, Louis"]
[Result "1-0"]
[WhiteElo "1666"]
[BlackElo "1554"]
[PlyCount "49"]
[EventDate "2013.05.17"]
[EventType "swiss"]
[EventRounds "7"]
[EventCountry "NED"]
[SourceTitle "EXT 2014"]
[Source "ChessBase"]
[SourceDate "2013.11.20"]
[SourceVersion "1"]
[SourceVersionDate "2013.11.20"]
[SourceQuality "1"]

1. e4 c5 2. d4 cxd4 3. c3 Nc6 4. cxd4 e6 5. Nf3 d5 6. exd5 Qxd5 7. Nc3 Qd8 8. Be3 Nf6 9. h3 Bb4 10. Be2 Nd5 11. Bd2 0-0 12. 0-0 Qa5 13. Nxd5 Qxd5 14. Be3 Bd7 15. a3 Ba5 16. Rc1 Rac8 17. Bc4 Qf5 18. Bd3 Qd5 19. Rc5 Qd6 20. Bxh7+ Kxh7 21. Ng5+ Kg8 22. Qh5 Rfd8 23. Qxf7+ Kh8 24. Ne4 Qf8 25. Rh5# 1-0

[Event "BEL-ch U14"]
[Site "Bruges"]
[Date "2012.04.09"]
[Round "2"]
[White "Tuerlinckx, Ben"]
[Black "Smet, Louis"]
[Result "1-0"]
[WhiteElo "1870"]
[BlackElo "1409"]
[PlyCount "99"]
[EventDate "2012.04.08"]
[EventType "swiss"]
[EventRounds "9"]
[EventCountry "BEL"]
[SourceTitle "EXT 2013"]
[Source "ChessBase"]
[SourceDate "2012.11.22"]
[SourceVersion "1"]
[SourceVersionDate "2012.11.22"]
[SourceQuality "1"]

1. d4 d5 2. Bf4 Nf6 3. e3 Bf5 4. c4 c6 5. Nc3 e6 6. Qb3 Qc8 7. Rc1 Nbd7 8. cxd5 exd5 9. Nb5 Kd8 10. Be2 Nb6 11. Nc3 Qd7 12. Nf3 Nh5 13. Ne5 Nxf4 14. Nxd7 Nxe2 15. Nxe2 Kxd7 16. 0-0 Bd6 17. Ng3 Bg6 18. Ne2 Rhe8 19. Nc3 Rab8 20. Nb1 Nc4 21. Rfd1 Bh5 22. Re1 Bg6 23. Qc3 Bc7 24. Nd2 Nd6 25. b4 Nb5 26. Qb2 Bd6 27. a4 Nc7 28. b5 a6 29. bxc6+ bxc6 30. Qc3 Rb6 31. a5 Bb4 32. axb6 Bxc3 33. Rxc3 Nb5 34. Rc5 Rb8 35. Rec1 Rxb6 36. Nb3 Bd3 37. Na5 Na7 38. f3 Bb5 39. e4 dxe4 40. fxe4 Nc8 41. Kf2 Ne7 42. Ke3 f6 43. h4 Kd6 44. Rb1 g6 45. Nc4+ Bxc4 46. Rxb6 Bb5 47. Rb7 f5 48. Re5 fxe4 49. Rexe7 a5 50. Rbd7# 1-0

[Event "Brasschaat op 02nd"]
[Site "Brasschaat"]
[Date "2002.08.??"]
[Round "4"]
[White "Fedukin, Alexandre"]
[Black "Smet, Louis"]
[Result "1-0"]
[WhiteElo "2004"]
[BlackElo "1841"]
[PlyCount "61"]
[EventDate "2002.08.??"]
[EventType "swiss"]
[EventRounds "7"]
[EventCountry "BEL"]
[SourceTitle "EXT 2005"]
[Source "ChessBase"]
[SourceDate "2004.11.15"]
[SourceVersion "1"]
[SourceVersionDate "2004.11.15"]
[SourceQuality "1"]

1. c4 Nf6 2. Nc3 e5 3. Nf3 Nc6 4. e4 d6 5. d4 exd4 6. Nxd4 Bd7 7. Be2 Ne5 8. 0-0 a6 9. a4 g6 10. h3 h6 11. f4 Nc6 12. Bf3 Bg7 13. Be3 0-0 14. Nxc6 bxc6 15. Qd2 Re8 16. Rad1 Rb8 17. c5 Re6 18. f5 gxf5 19. exf5 Re5 20. cxd6 cxd6 21. Bxh6 Bxh6 22. Qxh6 Bxf5 23. Rf2 d5 24. Qf4 Qd6 25. Re2 Rbe8 26. Rde1 Qe7 27. Rxe5 Be6 28. Qh6 Nh7 29. Rh5 f6 30. Qg6+ Kh8 31. Rxe6 1-0